| 000 | 00364nam a22001577a 4500 | ||
|---|---|---|---|
| 003 | OSt | ||
| 008 | 250516b |||||||| |||| 00| 0 eng d | ||
| 020 | _a9788195326488 | ||
| 100 | _aVIDHWATCHSAPATI, Inder | ||
| 245 | _aMeharshi Dayanand | ||
| 250 | _a23th | ||
| 260 |
_aNew Delhi _bArya Prakashan _c2023 |
||
| 300 | _a168 | ||
| 650 | _aGeneral | ||
| 942 |
_2ddc _cBK |
||
| 999 |
_c13584 _d13584 |
||